Slovensko-francúzský a francúzsko-slovenský turistický slovník
Na minha lista:
| Autor principal: | |
|---|---|
| Outros Autores: | |
| Formato: | Livro |
| Idioma: | eslovaco francês |
| Publicado em: |
Bratislava
Slovenské pedagogické nakladateľstvo
1985
|
| Tags: |
Sem tags, seja o primeiro a adicionar uma tag!
|
MARC
| LEADER | 00000nam a2200000 4500 | ||
|---|---|---|---|
| 001 | c105437 | ||
| 005 | 20150325111252.4 | ||
| 041 | 0 | |a slo | |
| 041 | 0 | |a fre | |
| 044 | |a SK | ||
| 245 | 1 | 0 | |a Slovensko-francúzský a francúzsko-slovenský turistický slovník |c Viera Gründlerová, Irena Liščáková |
| 264 | 1 | |a Bratislava |b Slovenské pedagogické nakladateľstvo |c 1985 | |
| 300 | |a 206, 106 s. | ||
| 100 | 1 | |a Gründlerová, Viera | |
| 700 | 1 | |a Liščáková, Irena | |